La filosofia moral declarada, y propuesta a la juventud / (Record no. 12258)

000 -CABECERA
fixed length control field 01095nam a22002537a 4500
003 - IDENTIFICADOR DEL NÚMERO DE CONTROL
control field AR-CdUCM
008 - DATOS DE LONGITUD FIJA--INFORMACIÓN GENERAL
fixed length control field 190408b ||||| |||| 00| 0 spa d
040 ## - FUENTE DE LA CATALOGACIÓN
Agencia/entidad que catalogó originalmente la obra MUNICIPALIDAD PROVINCIAL DEL CUSCO
Entidad que transcribió la catalogación BIBLIOTECA MUNICIPAL DEL CUSCO
082 ## - NÚMERO DE LA CLASIFICACIÓN DECIMAL DEWEY
No. de Clasificación 170 /
Notacion interna M97 / 1787
100 ## - ENTRADA PRINCIPAL--NOMBRE DE PERSONA
Nombre Personal Muratori, Luis Antonio
245 ## - MENCIÓN DE TÍTULO
Título La filosofia moral declarada, y propuesta a la juventud /
260 ## - PUBLICACIÓN, DISTRIBUCIÓN, ETC.
Lugar de publicación, distribución, etc. Madrid :
Nombre de la editorial, distribuidor, etc. Benito Cano impresor en esa corte,
Fecha de publicación, distribución, etc. 1787.
300 ## - DESCRIPCIÓN FÍSICA
Nº de Páginas Extensión 376 paginas ;
Dimensiones 20 cm.
505 ## - NOTA DE CONTENIDO CON FORMATO
Nota de contenido formateada Contenido : t.2 : De la claridad civil o del amor que debemos tener a los otros hombre, como también de la amistad, beneficencia y liberalidad -- Del orden que debe observar el hombre consigo mismo -- Del buen régimen del amor propio -- De la prudencia -- Del buen régimen del deseo de los bienes...
650 ## - PUNTO DE ACCESO ADICIONAL DE MATERIA--TÉRMINO DE MATERIA
Descriptor Filosofía
9 (RLIN) 395
650 ## - PUNTO DE ACCESO ADICIONAL DE MATERIA--TÉRMINO DE MATERIA
Descriptor España
9 (RLIN) 176
650 ## - PUNTO DE ACCESO ADICIONAL DE MATERIA--TÉRMINO DE MATERIA
Descriptor Hombre
9 (RLIN) 838
650 ## - PUNTO DE ACCESO ADICIONAL DE MATERIA--TÉRMINO DE MATERIA
Descriptor Virtudes
9 (RLIN) 30024
650 ## - PUNTO DE ACCESO ADICIONAL DE MATERIA--TÉRMINO DE MATERIA
Descriptor Deseos y pasiones
9 (RLIN) 30025
700 ## - PUNTO DE ACCESO ADICIONAL--NOMBRE DE PERSONA
Nombre Personal Moreno Morales, Antonio (Traductor)
9 (RLIN) 30026
942 ## - ELEMENTOS DE PUNTO DE ACCESO ADICIONAL (KOHA)
Fuente de clasificación
Tipo de item Libros-BMC
945 ## - PROCESAMIENTO DE INFORMACIÓN LOCAL (OCLC)
Catalogador wnts
AAAA-MM-DD - Fecha de ingreso o modificacion 2019-04-08
Holdings
Estado de retiro (separado) Fuente de clasificación o esquema de estanterías Estado dañado Ubicación Sala donde se ubica Nombre de la colección Fecha de adquisición o compra Costo, precio normal en soles Signatura topográfica Código de Barras Última vez visto (Koha) Tipo de ítem (Koha)
No     Sala Cusco Antiguo Sala Cusco Antiguo Book Cart 2019-04-08 180.00 170 / M97 / t.2 / 1787 SCA0002049 2019-04-08 Libros-BMC

Powered by Koha